000 00516nam a22001577a 4500
003 NUST
038 _aNusrat Nadeem
082 _a200
100 _aAbid, Muhammad Zubair
_9131205
245 _aBrain Tumor Detection and Classification using Deep Learning/
_c Muhammad Zubair Abid,
264 _aIslamabad:
_bSEECS NUST.
_c2025.
650 _aMS-Artificial Intelligence
_9124951
700 _aSupervisor: Dr. Shah Khalid
_9112628
856 _uhttp://10.250.8.41:8080/xmlui/handle/123456789/55662
942 _2ddc
_cSC
999 _c615195
_d615195